Servicios de asistencia tecnica y de capacitacion del Fondo Monetario Internacional.

Este estudio describe la asistencia tecnica y los servicios de capacitacion del FMI. Destaca que la responsabilidad del FMI de proporcionar esta asistencia y la necesidad de los paises miembros de recibir esta asistencia, se derivan de la importancia de la buena gestion economica y financiera y del...

תיאור מלא

מידע ביבליוגרפי
מחבר תאגידי: International Monetary Fund
פורמט: כתב-עת
שפה:English
יצא לאור: Washington, D.C. : International Monetary Fund, 1985.
סדרה:Pamphlet Series; Pamphlet Series, ; No. 43
גישה מקוונת:Full text available on IMF
LEADER 01789cas a2200253 a 4500
001 AALejournalIMF005413
008 230101c9999 xx r poo 0 0eng d
020 |c 5.00 USD 
020 |z 9781451970234 
022 |a 0252-2993 
040 |a BD-DhAAL  |c BD-DhAAL 
110 2 |a International Monetary Fund. 
240 1 0 |a Servicios de asistencia tecnica y de capacitacion del Fondo Monetario Internacional.  |l Spanish 
245 1 0 |a Servicios de asistencia tecnica y de capacitacion del Fondo Monetario Internacional. 
264 1 |a Washington, D.C. :  |b International Monetary Fund,  |c 1985. 
300 |a 1 online resource (44 pages) 
490 1 |a Pamphlet Series 
500 |a <strong>Off-Campus Access:</strong> No User ID or Password Required 
500 |a <strong>On-Campus Access:</strong> No User ID or Password Required 
506 |a Electronic access restricted to authorized BRAC University faculty, staff and students 
520 3 |a Este estudio describe la asistencia tecnica y los servicios de capacitacion del FMI. Destaca que la responsabilidad del FMI de proporcionar esta asistencia y la necesidad de los paises miembros de recibir esta asistencia, se derivan de la importancia de la buena gestion economica y financiera y del reconocimiento de la estrecha relacion que existe entre las politicas financieras internas y los procedimientos y la gestion de la balanza de pagos. El tipo de asistencia tecnica que se ofrece, por lo general en temas de banca central, asuntos fiscales y estadisticas economicas y financieras, refleja esa relacion. 
538 |a Mode of access: Internet 
830 0 |a Pamphlet Series; Pamphlet Series, ;  |v No. 43 
856 4 0 |z Full text available on IMF  |u http://elibrary.imf.org/view/books/054/06745-9781451970234-es/06745-9781451970234-es-book.xml  |z IMF e-Library